| 000 | 01099cad a22002535a 4500 | ||
|---|---|---|---|
| 001 | E147904 | ||
| 008 | 090630s2009 xxk f l s000 0 eng d | ||
| 035 | _a(Sirsi) u147904 | ||
| 041 | 0 | _aeng | |
| 110 | 2 |
_aScotland _kLaws, etc |
|
| 245 | 0 | 4 |
_aThe Town and Country Planning (Hierarchy of Developments) (Scotland) Regulations 2009 _h[electronic resource] |
| 260 |
_aEdinburgh _bScottish Government _c2009 |
||
| 490 | 0 |
_aScottish Statutory Instrument _v2009: 51 |
|
| 520 | _aThese Regulations set out descriptions of, and assign classes of development to, the categories of major and local developments | ||
| 520 | _aComes into force 6 April 2009. | ||
| 521 | _aAdvanced | ||
| 590 | _aKA | ||
| 650 | 2 | 4 | _aTOWN AND COUNTRY PLANNING (HIERARCHY OF DEVELOPMENTS) (SCOTLAND) REGULATIONS 2009 |
| 650 | 2 | 4 | _aTOWN AND COUNTRY PLANNING (SCOTLAND) ACT 1997 |
| 651 | 4 |
_aScotland _y1999- |
|
| 690 |
_aPlanning and development _96259 |
||
| 856 | 4 | 0 |
_uhttps://www.opsi.gov.uk/legislation/scotland/ssi2009/ssi_20090051_en_1 _zView the statutory instrument free of charge at www.opsi.gov.uk... |
| 942 | _n0 | ||
| 999 |
_c109775 _d109775 |
||